Where to go wild in Britain : a month-by-month guide to the UK's best wildlife experiences

Bibliographic Details
Format: Book
Published: London : Dorling Kindersley Limited , 2009
Subjects:

MARC

LEADER 00000cam a2200000 7i4500
001 0000135356
005 20100310.0
020 |a 9781405335126 
090 0 0 |a 591.51   |b WHE 
245 0 0 |a Where to go wild in Britain :   |b a month-by-month guide to the UK's best wildlife experiences 
260 |a London :   |b Dorling Kindersley Limited ,   |c 2009 
300 |a 336p. ;   |c 30cm. 
650 0 0 |a Animals   |x Habits and behavior   |z Great Britain 
650 0 0 |a Wildlife   |z Great Britain 
999 |a 00231626   |b BUKU   |c RUJUKAN   |e PERPUSTAKAAN KOMUNITI PETALING JAYA